<?xml version="1.0" encoding="UTF-8"?><?xml-stylesheet type="text/xsl" href="static/style.xsl"?><OAI-PMH xmlns="http://www.openarchives.org/OAI/2.0/" xmlns:xsi="http://www.w3.org/2001/XMLSchema-instance" xsi:schemaLocation="http://www.openarchives.org/OAI/2.0/ http://www.openarchives.org/OAI/2.0/OAI-PMH.xsd"><responseDate>2026-04-17T05:39:14Z</responseDate><request verb="GetRecord" identifier="oai:www.recercat.cat:2072/407095" metadataPrefix="marc">https://recercat.cat/oai/request</request><GetRecord><record><header><identifier>oai:recercat.cat:2072/407095</identifier><datestamp>2025-04-27T00:38:53Z</datestamp><setSpec>com_2072_98</setSpec><setSpec>col_2072_378192</setSpec></header><metadata><record xmlns="http://www.loc.gov/MARC21/slim" xmlns:dcterms="http://purl.org/dc/terms/" xmlns:xsi="http://www.w3.org/2001/XMLSchema-instance" xmlns:doc="http://www.lyncode.com/xoai" xsi:schemaLocation="http://www.loc.gov/MARC21/slim http://www.loc.gov/standards/marcxml/schema/MARC21slim.xsd">
   <leader>00925njm 22002777a 4500</leader>
   <datafield ind2=" " ind1=" " tag="042">
      <subfield code="a">dc</subfield>
   </datafield>
   <datafield ind2=" " ind1=" " tag="720">
      <subfield code="a">Sáiz Roca, Milagros</subfield>
      <subfield code="e">author</subfield>
   </datafield>
   <datafield ind2=" " ind1=" " tag="720">
      <subfield code="a">Sáiz Roca, Dolores</subfield>
      <subfield code="e">author</subfield>
   </datafield>
   <datafield ind2=" " ind1=" " tag="260">
      <subfield code="c">2013</subfield>
   </datafield>
   <datafield ind2=" " ind1=" " tag="520">
      <subfield code="a">El trabajo de Lluís Folch i Torres en el marco de la primera psicología jurídica en España fue de indiscutible valor en relación a la protección a la infancia y al asesoramiento a los Tribunales de Menores de principios del siglo XX. Con él se inician los primeros informes y peritajes que manejaron la evaluación y observación psicológica de los niños que eran juzgados. También, Folch i Torres reKexionó sobre las causas que provocaban la delincuencia juvenil e intentó mostrar cuáles eran las características de los perfiles psicológicos de estos niños, su tratamiento y educación, marcando las posibles maneras de prevenir la aparición del fenómeno del «niño de la calle» o golfillo. A través de veintiséis documentos no estudiados en su conjunto hasta el momento y que se hallan ubicados en el «Arxiu i Seminari d'Història de la Psicologia» ofrecemos en este artículo el pensamiento de este autor en relación al tema</subfield>
   </datafield>
   <datafield ind2=" " ind1=" " tag="520">
      <subfield code="a">In the framework of the first forensic psychology in Spain, the Lluís Folch i Torres work's had a unquestionable value relative to child protection and counselling to the juvenile courts of the early twentieth century. Folch introduces, in our country, the Qrst reports and surveys that handled the psychological assessment of children who were judged. Also, Folch i Torres reflected on the reasons that caused juvenile delinquency and tried to show what were the characteristics of the psychological profiles of these children, their rehabilitation and education, in addition to identifying possible ways to prevent the occurrence of the phenomenon of «street child» or delinquent child. We analyze twenty-six unstudied documents as a whole so far and that are located in the «Arxiu i Seminari d'Historia de la Psicologia» and we other in this article the Folch's thought about this problem</subfield>
   </datafield>
   <datafield tag="653" ind2=" " ind1=" ">
      <subfield code="a">Psicología española</subfield>
   </datafield>
   <datafield tag="653" ind2=" " ind1=" ">
      <subfield code="a">Psicología forense</subfield>
   </datafield>
   <datafield tag="653" ind2=" " ind1=" ">
      <subfield code="a">Lluís Folch i Torres</subfield>
   </datafield>
   <datafield tag="653" ind2=" " ind1=" ">
      <subfield code="a">Historia de la psicología</subfield>
   </datafield>
   <datafield tag="653" ind2=" " ind1=" ">
      <subfield code="a">Spanish psychology</subfield>
   </datafield>
   <datafield tag="653" ind2=" " ind1=" ">
      <subfield code="a">Forensic psychology</subfield>
   </datafield>
   <datafield tag="653" ind2=" " ind1=" ">
      <subfield code="a">History of psychology</subfield>
   </datafield>
   <datafield ind2="0" ind1="0" tag="245">
      <subfield code="a">Perfil, prevención y tratamiento del menor delincuente. : Sugerencias de Folch i Torres en el marco jurídico del primer cuarto del siglo XX</subfield>
   </datafield>
</record></metadata></record></GetRecord></OAI-PMH>